[Event "Team Championship (men rapid)"]
[Site "Sochi"]
[Date "2017.10.03"]
[Round "1.29"]
[White "Nazaretyan, Tigran"]
[Black "Sarana, Alexey"]
[Result "1-0"]
[LiveChessVersion "1.4.8"]
[BlackElo "2525"]
[WhiteElo "2409"]

1. Nf3 {[%clk 0:15:10]} Nf6 {[%clk 0:15:17]} 2. c4 {[%clk 0:15:08]} g6
{[%clk 0:15:24]} 3. Nc3 {[%clk 0:15:02]} d5 {[%clk 0:15:32]} 4. cxd5
{[%clk 0:14:32]} Nxd5 {[%clk 0:15:40]} 5. e4 {[%clk 0:14:30]} Nxc3
{[%clk 0:15:42]} 6. dxc3 {[%clk 0:14:39]} Qxd1+ {[%clk 0:15:46]} 7. Kxd1
{[%clk 0:14:48]} Bg4 {[%clk 0:15:48]} 8. Be2 {[%clk 0:14:42]} Nd7
{[%clk 0:15:48]} 9. Be3 {[%clk 0:14:40]} e5 {[%clk 0:15:21]} 10. Nd2
{[%clk 0:13:54]} Bxe2+ {[%clk 0:14:58]} 11. Kxe2 {[%clk 0:14:03]} Bc5
{[%clk 0:14:56]} 12. Nc4 {[%clk 0:13:57]} Bxe3 {[%clk 0:14:53]} 13. Kxe3
{[%clk 0:13:57]} Ke7 {[%clk 0:14:28]} 14. Rhd1 {[%clk 0:13:31]} Rhd8
{[%clk 0:13:40]} 15. Rd5 {[%clk 0:12:38]} c6 {[%clk 0:13:38]} 16. Rd2
{[%clk 0:11:44]} f6 {[%clk 0:11:27]} 17. Rad1 {[%clk 0:10:58]} Nb6
{[%clk 0:10:54]} 18. Na5 {[%clk 0:10:21]} Rxd2 {[%clk 0:10:59]} 19. Rxd2
{[%clk 0:10:27]} Rc8 {[%clk 0:10:57]} 20. c4 {[%clk 0:07:11]} c5 {[%clk 0:09:26]}
21. g3 {[%clk 0:06:25]} Rc7 {[%clk 0:09:02]} 22. f4 {[%clk 0:06:02]} exf4+
{[%clk 0:05:46]} 23. gxf4 {[%clk 0:06:08]} Nc8 {[%clk 0:05:52]} 24. Rd5
{[%clk 0:04:55]} Nd6 {[%clk 0:05:39]} 25. Kd3 {[%clk 0:04:35]} f5
{[%clk 0:04:16]} 26. exf5 {[%clk 0:03:17]} Nxf5 {[%clk 0:04:20]} 27. Nb3
{[%clk 0:03:18]} b6 {[%clk 0:04:26]} 28. Nd2 {[%clk 0:03:14]} Nh4
{[%clk 0:02:46]} 29. Ke4 {[%clk 0:02:54]} Kf6 {[%clk 0:02:25]} 30. Rd6+
{[%clk 0:02:30]} Kg7 {[%clk 0:02:21]} 31. Nf3 {[%clk 0:01:59]} Nf5
{[%clk 0:02:27]} 32. Rd8 {[%clk 0:01:54]} Kh6 {[%clk 0:02:26]} 33. Ne5
{[%clk 0:01:49]} Kh5 {[%clk 0:01:55]} 34. Rd3 {[%clk 0:01:24]} Kh4
{[%clk 0:01:38]} 35. Nf3+ {[%clk 0:01:10]} Kh3 {[%clk 0:01:25]} 36. Nd4+
{[%clk 0:00:48]} Kxh2 {[%clk 0:01:08]} 37. Nxf5 {[%clk 0:00:57]} gxf5+
{[%clk 0:01:17]} 38. Kxf5 {[%clk 0:01:06]} Rf7+ {[%clk 0:01:15]} 39. Ke5
{[%clk 0:01:06]} h5 {[%clk 0:01:23]} 40. f5 {[%clk 0:01:10]} Re7+
{[%clk 0:00:50]} 41. Kd6 {[%clk 0:00:39]} Re8 {[%clk 0:00:29]} 42. Rd2+
{[%clk 0:00:37]} Kg3 {[%clk 0:00:33]} 43. Kd7 {[%clk 0:00:46]} Rf8
{[%clk 0:00:28]} 44. Ke6 {[%clk 0:00:53]} h4 {[%clk 0:00:23]} 45. f6
{[%clk 0:01:02]} h3 {[%clk 0:00:32]} 46. Ke7 {[%clk 0:01:11]} Rb8
{[%clk 0:00:14]} 47. f7 {[%clk 0:01:10]} h2 {[%clk 0:00:22]} 48. Rd1
{[%clk 0:01:09]} Rb7+ {[%clk 0:00:25]} 49. Kf6 {[%clk 0:01:14]} Rb8
{[%clk 0:00:31]} 50. Kg7 {[%clk 0:01:16]} Kg2 {[%clk 0:00:20]} 51. f8=Q
{[%clk 0:01:22]} Rxf8 {[%clk 0:00:29]} 52. Kxf8 {[%clk 0:01:31]} h1=Q
{[%clk 0:00:38]} 53. Rxh1 {[%clk 0:01:40]} Kxh1 {[%clk 0:00:47]} 54. Ke7
{[%clk 0:01:50]} Kg2 {[%clk 0:00:57]} 55. Kd6 {[%clk 0:01:58]} Kf3
{[%clk 0:01:06]} 56. Kc6 {[%clk 0:02:07]} Ke4 {[%clk 0:01:15]} 57. Kb7
{[%clk 0:02:15]} Kd4 {[%clk 0:01:24]} 58. b3 {[%clk 0:02:25]} b5 {[%clk 0:01:30]}
59. cxb5 {[%clk 0:02:30]} c4 {[%clk 0:01:39]} 60. bxc4 {[%clk 0:02:33]} Kxc4
{[%clk 0:01:48]} 61. a4 {[%clk 0:02:41]} 1-0

[Event "Team Championship (men rapid)"]
[Site "Sochi"]
[Date "2017.10.03"]
[Round "1.30"]
[White "Krylov, Mikhail"]
[Black "Tenikashvili, Georgij"]
[Result "1-0"]
[LiveChessVersion "1.4.8"]
[BlackElo "2273"]
[WhiteElo "2497"]

1. Nf3 {[%clk 0:15:18]} d5 {[%clk 0:15:16]} 2. g3 {[%clk 0:15:26]} c6
{[%clk 0:15:20]} 3. Bg2 {[%clk 0:15:33]} Bg4 {[%clk 0:15:28]} 4. O-O
{[%clk 0:15:37]} Nd7 {[%clk 0:15:23]} 5. h3 {[%clk 0:15:30]} Bh5 {[%clk 0:15:30]}
6. d3 {[%clk 0:15:32]} Ngf6 {[%clk 0:15:35]} 7. c4 {[%clk 0:15:38]} e6
{[%clk 0:15:30]} 8. cxd5 {[%clk 0:15:37]} cxd5 {[%clk 0:14:07]} 9. Qb3
{[%clk 0:14:29]} Nc5 {[%clk 0:11:54]} 10. Qc2 {[%clk 0:13:50]} Rc8
{[%clk 0:11:56]} 11. b4 {[%clk 0:13:35]} Ncd7 {[%clk 0:11:09]} 12. Qb3
{[%clk 0:13:20]} Be7 {[%clk 0:10:56]} 13. Nc3 {[%clk 0:11:03]} O-O
{[%clk 0:10:46]} 14. g4 {[%clk 0:10:15]} Bg6 {[%clk 0:10:42]} 15. Bf4
{[%clk 0:10:18]} Ne8 {[%clk 0:08:43]} 16. Rac1 {[%clk 0:09:31]} Bd6
{[%clk 0:07:21]} 17. Be3 {[%clk 0:08:06]} Bb8 {[%clk 0:06:38]} 18. Rc2
{[%clk 0:07:08]} Nd6 {[%clk 0:06:35]} 19. Rfc1 {[%clk 0:07:07]} Qe7
{[%clk 0:05:43]} 20. Bf4 {[%clk 0:06:29]} h6 {[%clk 0:04:49]} 21. Bg3
{[%clk 0:04:55]} Rcd8 {[%clk 0:03:34]} 22. Na4 {[%clk 0:04:28]} b6
{[%clk 0:03:42]} 23. Nd4 {[%clk 0:04:29]} f5 {[%clk 0:02:21]} 24. Nc6
{[%clk 0:04:11]} Qf6 {[%clk 0:02:28]} 25. Nxd8 {[%clk 0:03:58]} Rxd8
{[%clk 0:02:37]} 26. Nc3 {[%clk 0:02:52]} f4 {[%clk 0:02:18]} 27. Bh2
{[%clk 0:02:56]} Kh7 {[%clk 0:01:44]} 28. a4 {[%clk 0:02:37]} h5 {[%clk 0:01:24]}
29. gxh5 {[%clk 0:01:33]} Bxh5 {[%clk 0:01:31]} 30. Nxd5 {[%clk 0:01:36]} exd5
{[%clk 0:01:26]} 31. Qxd5 {[%clk 0:01:45]} Bf7 {[%clk 0:01:28]} 32. Qf3
{[%clk 0:01:36]} Nf5 {[%clk 0:01:20]} 33. Rc6 {[%clk 0:01:26]} Qg5
{[%clk 0:01:28]} 34. Rc8 {[%clk 0:01:06]} Rxc8 {[%clk 0:01:18]} 35. Rxc8
{[%clk 0:01:14]} Bd6 {[%clk 0:00:54]} 36. Qg4 {[%clk 0:01:23]} Qxg4
{[%clk 0:00:55]} 37. hxg4 {[%clk 0:01:32]} Nd4 {[%clk 0:01:04]} 38. Rd8
{[%clk 0:01:34]} Be6 {[%clk 0:01:06]} 39. b5 {[%clk 0:01:25]} Bc5
{[%clk 0:00:40]} 40. Kf1 {[%clk 0:01:28]} g5 {[%clk 0:00:40]} 41. Be4+
{[%clk 0:01:31]} Kg7 {[%clk 0:00:48]} 42. f3 {[%clk 0:01:39]} Nc2
{[%clk 0:00:42]} 43. Bg1 {[%clk 0:01:47]} Bxg1 {[%clk 0:00:29]} 44. Kxg1
{[%clk 0:01:56]} Nc5 {[%clk 0:00:38]} 45. Ra8 {[%clk 0:01:58]} Kf6
{[%clk 0:00:41]} 46. Rxa7 {[%clk 0:02:06]} Bb3 {[%clk 0:00:50]} 47. a5
{[%clk 0:02:08]} bxa5 {[%clk 0:00:54]} 48. Rxa5 {[%clk 0:02:07]} Nd7
{[%clk 0:00:31]} 49. Bf5 {[%clk 0:02:12]} Nc5 {[%clk 0:00:34]} 50. b6
{[%clk 0:02:18]} Nb7 {[%clk 0:00:36]} 51. Ra7 {[%clk 0:02:26]} Bd5
{[%clk 0:00:41]} 52. Be4 {[%clk 0:02:27]} Bxe4 {[%clk 0:00:49]} 53. dxe4
{[%clk 0:02:30]} Nc5 {[%clk 0:00:58]} 54. Rc7 {[%clk 0:02:34]} Na6
{[%clk 0:01:03]} 55. Rxc2 1-0

[Event "Team Championship (men rapid)"]
[Site "Sochi"]
[Date "2017.10.03"]
[Round "1.31"]
[White "Basiev, Valeriy P."]
[Black "Demidov, Mikhail"]
[Result "0-1"]
[LiveChessVersion "1.4.8"]
[BlackElo "2605"]
[WhiteElo "2112"]

1. Nf3 {[%clk 0:15:18]} d5 {[%clk 0:15:17]} 2. g3 {[%clk 0:15:25]} c6
{[%clk 0:15:25]} 3. Bg2 {[%clk 0:15:33]} Bg4 {[%clk 0:15:33]} 4. O-O
{[%clk 0:15:30]} Nd7 {[%clk 0:15:41]} 5. d3 {[%clk 0:14:56]} Ngf6
{[%clk 0:15:47]} 6. c4 {[%clk 0:14:59]} dxc4 {[%clk 0:15:53]} 7. dxc4
{[%clk 0:15:08]} e5 {[%clk 0:16:01]} 8. Nc3 {[%clk 0:15:08]} Be7 {[%clk 0:16:04]}
9. Be3 {[%clk 0:13:39]} O-O {[%clk 0:16:08]} 10. Qc2 {[%clk 0:13:37]} Qc7
{[%clk 0:16:15]} 11. Rfd1 {[%clk 0:12:59]} Rfd8 {[%clk 0:16:21]} 12. Rac1
{[%clk 0:13:02]} h6 {[%clk 0:15:52]} 13. h3 {[%clk 0:12:37]} Be6 {[%clk 0:15:58]}
14. b3 {[%clk 0:12:31]} Bc5 {[%clk 0:15:47]} 15. Bxc5 {[%clk 0:12:20]} Nxc5
{[%clk 0:15:55]} 16. Rxd8+ {[%clk 0:11:19]} Rxd8 {[%clk 0:16:02]} 17. Rd1
{[%clk 0:11:28]} Rxd1+ {[%clk 0:15:56]} 18. Qxd1 {[%clk 0:11:34]} a5
{[%clk 0:15:52]} 19. Qd2 {[%clk 0:11:12]} Bf5 {[%clk 0:15:31]} 20. Qe3
{[%clk 0:11:00]} Nfd7 {[%clk 0:15:35]} 21. Nh4 {[%clk 0:10:35]} Be6
{[%clk 0:15:22]} 22. Ne4 {[%clk 0:09:06]} Nxe4 {[%clk 0:15:12]} 23. Qxe4
{[%clk 0:09:01]} Qd6 {[%clk 0:15:19]} 24. Nf5 {[%clk 0:09:06]} Qd2
{[%clk 0:15:01]} 25. f4 {[%clk 0:03:18]} Qxa2 {[%clk 0:14:15]} 26. fxe5
{[%clk 0:02:54]} Qxb3 {[%clk 0:13:26]} 27. Nd6 {[%clk 0:02:26]} a4
{[%clk 0:13:20]} 28. Kh2 {[%clk 0:01:26]} a3 {[%clk 0:13:23]} 29. Qh4
{[%clk 0:01:10]} a2 {[%clk 0:13:09]} 30. Qd8+ {[%clk 0:00:21]} Nf8
{[%clk 0:13:14]} 31. Qa8 {[%clk 0:00:17]} Qb1 {[%clk 0:13:13]} 0-1

[Event "Team Championship (men rapid)"]
[Site "Sochi"]
[Date "2017.10.03"]
[Round "1.32"]
[White "Lugovskoy, Maxim"]
[Black "Varnazov, Lev"]
[Result "1-0"]
[LiveChessVersion "1.4.8"]
[BlackElo "2040"]
[WhiteElo "2507"]

1. d4 {[%clk 0:15:14]} d5 {[%clk 0:15:19]} 2. Nc3 {[%clk 0:15:23]} Nf6
{[%clk 0:15:11]} 3. Bf4 {[%clk 0:15:31]} c6 {[%clk 0:15:17]} 4. e3
{[%clk 0:15:36]} Bf5 {[%clk 0:15:26]} 5. f3 {[%clk 0:15:44]} e6 {[%clk 0:15:03]}
6. g4 {[%clk 0:15:40]} Bg6 {[%clk 0:15:05]} 7. h4 {[%clk 0:15:49]} h6
{[%clk 0:15:14]} 8. Nh3 {[%clk 0:15:57]} Bd6 {[%clk 0:14:21]} 9. Bd3
{[%clk 0:14:08]} Bxd3 {[%clk 0:12:29]} 10. cxd3 {[%clk 0:14:07]} Qe7
{[%clk 0:12:30]} 11. Qd2 {[%clk 0:12:27]} Nbd7 {[%clk 0:12:11]} 12. O-O-O
{[%clk 0:11:56]} Bxf4 {[%clk 0:09:40]} 13. exf4 {[%clk 0:11:59]} O-O-O
{[%clk 0:09:32]} 14. Kb1 {[%clk 0:12:07]} Qb4 {[%clk 0:08:44]} 15. Qf2
{[%clk 0:11:35]} Kb8 {[%clk 0:08:51]} 16. Ng1 {[%clk 0:11:31]} Rc8
{[%clk 0:08:40]} 17. Nge2 {[%clk 0:11:33]} Ka8 {[%clk 0:07:07]} 18. g5
{[%clk 0:10:33]} Ne8 {[%clk 0:06:47]} 19. Rhg1 {[%clk 0:09:00]} g6
{[%clk 0:05:38]} 20. h5 {[%clk 0:08:16]} gxh5 {[%clk 0:04:02]} 21. g6
{[%clk 0:08:25]} Qf8 {[%clk 0:03:40]} 22. f5 {[%clk 0:08:14]} exf5
{[%clk 0:02:35]} 23. Nf4 {[%clk 0:08:16]} Rg8 {[%clk 0:02:27]} 24. Rde1
{[%clk 0:06:14]} Nef6 {[%clk 0:01:47]} 25. Qh2 {[%clk 0:06:06]} fxg6
{[%clk 0:01:44]} 26. Ne6 {[%clk 0:06:13]} Qb4 {[%clk 0:01:21]} 27. a3
{[%clk 0:03:07]} Qb6 {[%clk 0:01:29]} 28. Na4 {[%clk 0:03:08]} Qb5
{[%clk 0:01:13]} 29. Nac5 {[%clk 0:03:09]} Nxc5 {[%clk 0:01:14]} 30. dxc5
{[%clk 0:03:18]} Qxd3+ {[%clk 0:01:17]} 31. Ka1 {[%clk 0:03:28]} a6
{[%clk 0:00:55]} 32. Qd6 {[%clk 0:03:36]} Ne8 {[%clk 0:00:34]} 33. Qe7
{[%clk 0:03:46]} Qxf3 {[%clk 0:00:31]} 34. Qf7 {[%clk 0:03:06]} Rh8
{[%clk 0:00:20]} 35. Rxg6 {[%clk 0:03:09]} Qf2 {[%clk 0:00:28]} 36. Reg1
{[%clk 0:03:12]} Qh2 {[%clk 0:00:36]} 37. R1g3 {[%clk 0:03:09]} h4
{[%clk 0:00:44]} 38. Rb3 {[%clk 0:03:19]} Rb8 {[%clk 0:00:52]} 39. Rb6
{[%clk 0:02:34]} Qe2 {[%clk 0:00:30]} 40. Nd8 {[%clk 0:01:43]} Qf1+
{[%clk 0:00:26]} 41. Ka2 {[%clk 0:01:52]} Qc4+ {[%clk 0:00:35]} 42. Rb3
{[%clk 0:02:01]} Nc7 {[%clk 0:00:40]} 43. Qxc7 {[%clk 0:01:43]} Rhxd8
{[%clk 0:00:45]} 44. Qb6 {[%clk 0:01:24]} Rdc8 {[%clk 0:00:30]} 45. Rg7
{[%clk 0:01:33]} a5 {[%clk 0:00:16]} 46. Qxa5+ {[%clk 0:01:02]} Qa6
{[%clk 0:00:25]} 47. Qc3 {[%clk 0:01:06]} Rd8 {[%clk 0:00:30]} 48. Rb4
{[%clk 0:01:14]} d4 {[%clk 0:00:35]} 49. Qb3 {[%clk 0:01:22]} d3 {[%clk 0:00:18]}
50. Ra4 {[%clk 0:01:31]} d2 {[%clk 0:00:26]} 51. Rxa6+ {[%clk 0:01:25]} bxa6 52.
Qa4 Rxb2+ {[%clk 0:00:17]} 53. Kxb2 {[%clk 0:01:43]} d1=N+ {[%clk 0:00:26]} 54.
Ka1 {[%clk 0:01:49]} 1-0

[Event "Team Championship (men rapid)"]
[Site "Sochi"]
[Date "2017.10.03"]
[Round "2.2"]
[White "Andreikin, Dmitry"]
[Black "Krylov, Mikhail"]
[Result "1-0"]
[LiveChessVersion "1.4.8"]
[BlackElo "2497"]
[WhiteElo "2742"]

1. d4 {[%clk 0:15:19]} Nf6 {[%clk 0:15:18]} 2. Bg5 {[%clk 0:15:27]} Ne4
{[%clk 0:15:26]} 3. Bf4 {[%clk 0:15:36]} c5 {[%clk 0:15:33]} 4. f3
{[%clk 0:15:40]} Qa5+ {[%clk 0:15:41]} 5. c3 {[%clk 0:15:47]} Nf6
{[%clk 0:15:49]} 6. d5 {[%clk 0:15:56]} d6 {[%clk 0:15:46]} 7. e4
{[%clk 0:16:02]} e5 {[%clk 0:15:35]} 8. dxe6 {[%clk 0:15:22]} Bxe6
{[%clk 0:15:43]} 9. Na3 {[%clk 0:15:30]} Nc6 {[%clk 0:14:51]} 10. Nc4
{[%clk 0:15:33]} Bxc4 {[%clk 0:14:00]} 11. Bxc4 {[%clk 0:15:42]} Be7
{[%clk 0:13:13]} 12. Ne2 {[%clk 0:13:15]} O-O {[%clk 0:13:08]} 13. O-O
{[%clk 0:13:22]} Ne5 {[%clk 0:12:47]} 14. Bb3 {[%clk 0:12:44]} c4
{[%clk 0:12:20]} 15. Bc2 {[%clk 0:12:52]} Qb6+ {[%clk 0:10:59]} 16. Kh1
{[%clk 0:12:30]} Qxb2 {[%clk 0:10:55]} 17. Rb1 {[%clk 0:12:38]} Qxa2
{[%clk 0:10:19]} 18. Rxb7 {[%clk 0:12:46]} Ng6 {[%clk 0:10:14]} 19. Be3
{[%clk 0:11:21]} Qa6 {[%clk 0:10:07]} 20. Qb1 {[%clk 0:11:17]} Rfe8
{[%clk 0:09:34]} 21. Qb2 {[%clk 0:11:14]} d5 {[%clk 0:09:18]} 22. Nd4
{[%clk 0:10:18]} dxe4 {[%clk 0:07:01]} 23. fxe4 {[%clk 0:10:26]} Ng4
{[%clk 0:06:25]} 24. Bg1 {[%clk 0:10:09]} N4e5 {[%clk 0:06:18]} 25. Ra1
{[%clk 0:09:24]} Qf6 {[%clk 0:06:18]} 26. Nb5 {[%clk 0:09:10]} Nf4
{[%clk 0:05:38]} 27. Nc7 {[%clk 0:08:32]} Qg6 {[%clk 0:05:31]} 28. Bb1
{[%clk 0:08:04]} Bf8 {[%clk 0:02:47]} 29. Nxa8 {[%clk 0:07:14]} Rxa8
{[%clk 0:02:47]} 30. Qf2 {[%clk 0:05:58]} Qg4 {[%clk 0:01:06]} 31. Rbxa7
{[%clk 0:05:29]} Rxa7 {[%clk 0:00:59]} 32. Rxa7 {[%clk 0:05:37]} h5
{[%clk 0:00:50]} 33. Ra8 {[%clk 0:04:58]} Nfg6 {[%clk 0:00:55]} 34. Bc2
{[%clk 0:04:36]} Kh7 {[%clk 0:00:49]} 35. Qf5 {[%clk 0:04:18]} Be7
{[%clk 0:00:43]} 36. Qxg4 {[%clk 0:03:55]} hxg4 {[%clk 0:00:52]} 37. Bd4
{[%clk 0:03:56]} Bg5 {[%clk 0:00:48]} 38. g3 {[%clk 0:03:24]} Bd2
{[%clk 0:00:50]} 39. Bd1 {[%clk 0:03:12]} Kh6 {[%clk 0:00:52]} 40. Be2
{[%clk 0:03:14]} Kg5 {[%clk 0:00:46]} 41. Ra5 {[%clk 0:03:16]} f6
{[%clk 0:00:48]} 42. Bxc4 {[%clk 0:03:19]} Kh6 {[%clk 0:00:45]} 43. Be2
{[%clk 0:03:10]} Nc6 {[%clk 0:00:32]} 44. Rc5 {[%clk 0:03:09]} Nxd4
{[%clk 0:00:30]} 45. cxd4 {[%clk 0:03:17]} Be3 {[%clk 0:00:38]} 46. Rc4
{[%clk 0:02:12]} Kg5 {[%clk 0:00:45]} 47. Rc5+ {[%clk 0:02:18]} Kh6
{[%clk 0:00:54]} 48. Rd5 {[%clk 0:01:59]} Ne7 {[%clk 0:01:03]} 49. Rd6
{[%clk 0:02:08]} Kg5 {[%clk 0:00:43]} 50. Rd7 {[%clk 0:02:06]} Ng6
{[%clk 0:00:26]} 51. d5 {[%clk 0:01:46]} Kh6 {[%clk 0:00:30]} 52. d6
{[%clk 0:01:54]} Ne5 {[%clk 0:00:36]} 53. Rd8 {[%clk 0:02:00]} Bb6
{[%clk 0:00:45]} 54. Rh8+ {[%clk 0:01:52]} Kg6 {[%clk 0:00:54]} 55. Bb5
{[%clk 0:01:55]} Ba5 {[%clk 0:00:26]} 56. Be8+ {[%clk 0:02:01]} 1-0

[Event "Team Championship (men rapid)"]
[Site "Sochi"]
[Date "2017.10.03"]
[Round "2.3"]
[White "Demidov, Mikhail"]
[Black "Riazantsev, Alexander"]
[Result "1-0"]
[LiveChessVersion "1.4.8"]
[BlackElo "2720"]
[WhiteElo "2605"]

1. d4 {[%clk 0:15:17]} Nf6 {[%clk 0:15:19]} 2. Nf3 {[%clk 0:15:26]} d5
{[%clk 0:15:27]} 3. Bf4 {[%clk 0:15:34]} c5 {[%clk 0:15:32]} 4. dxc5
{[%clk 0:15:42]} e6 {[%clk 0:14:39]} 5. e3 {[%clk 0:15:51]} Bxc5 {[%clk 0:14:44]}
6. Be2 {[%clk 0:16:00]} O-O {[%clk 0:14:44]} 7. O-O {[%clk 0:16:07]} b6
{[%clk 0:14:26]} 8. c4 {[%clk 0:16:10]} Bb7 {[%clk 0:14:27]} 9. Nc3
{[%clk 0:16:18]} Nbd7 {[%clk 0:14:20]} 10. Rc1 {[%clk 0:15:42]} dxc4
{[%clk 0:14:13]} 11. Bxc4 {[%clk 0:15:50]} a6 {[%clk 0:14:22]} 12. a4
{[%clk 0:15:17]} Qe7 {[%clk 0:13:58]} 13. Qe2 {[%clk 0:14:52]} Nh5
{[%clk 0:13:29]} 14. Rfd1 {[%clk 0:14:05]} Nxf4 {[%clk 0:13:17]} 15. exf4
{[%clk 0:13:51]} Nf6 {[%clk 0:12:55]} 16. Ne5 {[%clk 0:13:47]} g6
{[%clk 0:12:29]} 17. Bd3 {[%clk 0:11:51]} Rfd8 {[%clk 0:09:58]} 18. Ne4
{[%clk 0:11:33]} Rd4 {[%clk 0:09:20]} 19. Nxc5 {[%clk 0:11:12]} bxc5
{[%clk 0:09:29]} 20. Rc4 {[%clk 0:11:03]} Rad8 {[%clk 0:08:59]} 21. Rdc1
{[%clk 0:10:38]} Qd6 {[%clk 0:08:32]} 22. Rxd4 {[%clk 0:08:55]} Qxd4
{[%clk 0:08:40]} 23. Rc4 {[%clk 0:09:04]} Qd5 {[%clk 0:08:28]} 24. f3
{[%clk 0:09:11]} Qd6 {[%clk 0:08:26]} 25. Qe3 {[%clk 0:07:36]} Rc8
{[%clk 0:06:25]} 26. Bf1 {[%clk 0:07:38]} Qb6 {[%clk 0:05:50]} 27. Nd3
{[%clk 0:07:02]} Nd7 {[%clk 0:05:32]} 28. b4 {[%clk 0:06:28]} Bd5
{[%clk 0:04:47]} 29. bxc5 {[%clk 0:06:34]} Qb3 {[%clk 0:04:56]} 30. Rb4
{[%clk 0:05:18]} Qc3 {[%clk 0:05:05]} 31. Rb1 {[%clk 0:04:16]} a5
{[%clk 0:02:08]} 32. Rc1 {[%clk 0:03:53]} Qb3 {[%clk 0:01:51]} 33. Qd4
{[%clk 0:03:51]} Bc6 {[%clk 0:02:01]} 34. Ra1 {[%clk 0:01:40]} Bd5
{[%clk 0:01:38]} 35. h4 {[%clk 0:01:44]} h5 {[%clk 0:01:48]} 36. f5
{[%clk 0:01:10]} exf5 {[%clk 0:01:12]} 37. Nf4 Be6 38. Rc1 {[%clk 0:01:09]} Nf8
{[%clk 0:01:04]} 39. c6 {[%clk 0:00:57]} Qb4 {[%clk 0:01:13]} 40. Qxb4 axb4 41.
Bb5 {[%clk 0:00:47]} b3 {[%clk 0:01:03]} 42. Rb1 {[%clk 0:00:45]} Kg7
{[%clk 0:00:50]} 43. Kf2 {[%clk 0:00:53]} Kf6 {[%clk 0:01:00]} 44. Ke3
{[%clk 0:01:03]} Ke5 {[%clk 0:01:07]} 45. g3 {[%clk 0:01:02]} Rc7
{[%clk 0:01:03]} 46. Rd1 {[%clk 0:01:06]} Kf6 {[%clk 0:00:53]} 47. Kd4
{[%clk 0:01:10]} Rc8 {[%clk 0:00:28]} 48. Kc5 {[%clk 0:01:01]} Nd7+
{[%clk 0:00:38]} 49. Kd6 {[%clk 0:00:42]} Nb6 {[%clk 0:00:33]} 50. Nxe6
{[%clk 0:00:30]} fxe6 {[%clk 0:00:42]} 51. Rb1 {[%clk 0:00:38]} Na8
{[%clk 0:00:24]} 52. Rxb3 {[%clk 0:00:38]} Rd8+ {[%clk 0:00:34]} 53. Kc5
{[%clk 0:00:47]} Rd5+ {[%clk 0:00:35]} 54. Kb4 {[%clk 0:00:56]} Rd4+
{[%clk 0:00:40]} 55. Ka5 {[%clk 0:01:03]} Ke7 {[%clk 0:00:46]} 56. Ka6
{[%clk 0:00:45]} Kd6 {[%clk 0:00:47]} 57. Kb7 {[%clk 0:00:47]} Nc7
{[%clk 0:00:56]} 58. Rd3 {[%clk 0:00:42]} e5 {[%clk 0:01:03]} 59. f4
{[%clk 0:00:29]} Nxb5 {[%clk 0:01:01]} 60. fxe5+ {[%clk 0:00:28]} Kxe5
{[%clk 0:00:21]} 61. Re3+ {[%clk 0:00:32]} 1-0

[Event "Team Championship (men rapid)"]
[Site "Sochi"]
[Date "2017.10.03"]
[Round "2.5"]
[White "Fedoseev, Vladimir"]
[Black "Alekseenko, Kirill"]
[Result "1-0"]
[LiveChessVersion "1.4.8"]
[BlackElo "2583"]
[WhiteElo "2759"]

1. e4 {[%clk 0:15:12]} c5 {[%clk 0:15:16]} 2. Nf3 {[%clk 0:15:19]} Nc6
{[%clk 0:15:22]} 3. d4 {[%clk 0:15:18]} cxd4 {[%clk 0:15:29]} 4. Nxd4
{[%clk 0:15:26]} Nf6 {[%clk 0:15:37]} 5. Nc3 {[%clk 0:15:34]} d6 {[%clk 0:15:44]}
6. Bg5 {[%clk 0:14:47]} e6 {[%clk 0:15:52]} 7. Qd2 {[%clk 0:14:30]} a6
{[%clk 0:16:00]} 8. O-O-O {[%clk 0:14:23]} Bd7 {[%clk 0:16:08]} 9. f4
{[%clk 0:14:16]} b5 {[%clk 0:16:14]} 10. Nxc6 {[%clk 0:13:53]} Bxc6
{[%clk 0:16:22]} 11. Qe1 {[%clk 0:13:57]} Be7 {[%clk 0:14:51]} 12. e5
{[%clk 0:13:23]} Nd5 {[%clk 0:14:51]} 13. Bxe7 {[%clk 0:13:30]} Qxe7
{[%clk 0:14:52]} 14. Ne4 {[%clk 0:10:10]} dxe5 {[%clk 0:14:53]} 15. fxe5
{[%clk 0:10:11]} O-O {[%clk 0:14:47]} 16. Qg3 {[%clk 0:09:56]} Kh8
{[%clk 0:11:39]} 17. c3 {[%clk 0:09:00]} b4 {[%clk 0:05:48]} 18. c4 Nb6 19. Nd6
{[%clk 0:06:31]} f5 {[%clk 0:06:06]} 20. h4 {[%clk 0:04:49]} Nd7 {[%clk 0:06:09]}
21. Qf4 {[%clk 0:04:37]} a5 {[%clk 0:06:13]} 22. Rh3 {[%clk 0:04:15]} a4
{[%clk 0:06:22]} 23. Be2 {[%clk 0:03:56]} Ra5 {[%clk 0:05:33]} 24. Re3
{[%clk 0:03:33]} g6 {[%clk 0:05:17]} 25. Bf3 {[%clk 0:03:32]} Bxf3
{[%clk 0:04:49]} 26. gxf3 {[%clk 0:03:41]} Qg7 {[%clk 0:04:58]} 27. Rde1
{[%clk 0:02:53]} Rc5 {[%clk 0:04:38]} 28. Qd4 {[%clk 0:02:58]} f4
{[%clk 0:03:49]} 29. Re4 {[%clk 0:02:58]} a3 {[%clk 0:03:58]} 30. b3
{[%clk 0:02:58]} Rc6 {[%clk 0:03:58]} 31. Kc2 {[%clk 0:02:47]} Nc5
{[%clk 0:03:28]} 32. Rxf4 {[%clk 0:02:07]} Rxf4 {[%clk 0:02:37]} 33. Qxf4
{[%clk 0:02:16]} Rxd6 {[%clk 0:01:49]} 34. exd6 {[%clk 0:02:25]} Qc3+
{[%clk 0:01:53]} 35. Kd1 Qd3+ 36. Qd2 {[%clk 0:02:38]} Qxf3+ {[%clk 0:01:56]} 37.
Qe2 {[%clk 0:02:36]} Qh3 {[%clk 0:01:44]} 38. Qe3 {[%clk 0:02:28]} Qg4+
{[%clk 0:01:48]} 39. Re2 {[%clk 0:02:36]} Nd7 {[%clk 0:01:05]} 40. Qxe6
{[%clk 0:02:17]} Qd4+ {[%clk 0:00:45]} 41. Rd2 {[%clk 0:02:26]} Qa1+
{[%clk 0:00:32]} 42. Ke2 {[%clk 0:02:33]} Nf8 {[%clk 0:00:16]} 43. Qe7
{[%clk 0:02:41]} Kg8 {[%clk 0:00:15]} 44. d7 {[%clk 0:02:49]} Nxd7
{[%clk 0:00:22]} 45. Qe6+ {[%clk 0:02:38]} Kf8 {[%clk 0:00:28]} 46. Qd6+
{[%clk 0:02:44]} Kg8 {[%clk 0:00:36]} 47. Qd5+ {[%clk 0:02:51]} Kf8
{[%clk 0:00:43]} 48. Qxd7 {[%clk 0:02:46]} Qe5+ {[%clk 0:00:51]} 49. Kf1
{[%clk 0:02:51]} 1-0

[Event "Team Championship (men rapid)"]
[Site "Sochi"]
[Date "2017.10.03"]
[Round "2.6"]
[White "Alekseev, Evgeny"]
[Black "Kovalev, Vladislav"]
[Result "1-0"]
[LiveChessVersion "1.4.8"]
[BlackElo "2615"]
[WhiteElo "2657"]

1. e4 {[%clk 0:15:19]} e5 {[%clk 0:15:19]} 2. Nf3 {[%clk 0:15:27]} Nc6
{[%clk 0:15:27]} 3. Bc4 {[%clk 0:15:31]} Nf6 {[%clk 0:15:35]} 4. d3
{[%clk 0:15:39]} Bc5 {[%clk 0:15:44]} 5. O-O {[%clk 0:15:41]} d6 {[%clk 0:15:50]}
6. c3 {[%clk 0:15:37]} a6 {[%clk 0:15:57]} 7. Bb3 {[%clk 0:15:42]} Ba7
{[%clk 0:15:51]} 8. Re1 {[%clk 0:15:39]} h6 {[%clk 0:15:50]} 9. Nbd2
{[%clk 0:14:23]} O-O {[%clk 0:14:41]} 10. Nf1 {[%clk 0:13:58]} Ng4
{[%clk 0:12:50]} 11. Re2 {[%clk 0:13:03]} Na5 {[%clk 0:12:53]} 12. Bc2
{[%clk 0:12:59]} f5 {[%clk 0:13:02]} 13. exf5 {[%clk 0:12:23]} Bxf5
{[%clk 0:12:57]} 14. h3 {[%clk 0:10:35]} Nf6 {[%clk 0:11:58]} 15. Ng3
{[%clk 0:10:44]} Bh7 {[%clk 0:11:57]} 16. d4 {[%clk 0:10:52]} Bxc2
{[%clk 0:09:50]} 17. Qxc2 {[%clk 0:10:59]} exd4 {[%clk 0:09:47]} 18. Bxh6
{[%clk 0:10:02]} Qd7 {[%clk 0:07:22]} 19. Nf5 {[%clk 0:09:08]} Nd5
{[%clk 0:04:50]} 20. Nxg7 {[%clk 0:05:42]} Rf6 {[%clk 0:04:51]} 21. Qe4
{[%clk 0:05:29]} c6 {[%clk 0:03:49]} 22. Bg5 {[%clk 0:03:49]} Rxf3
{[%clk 0:01:33]} 23. gxf3 {[%clk 0:02:06]} Qxg7 {[%clk 0:01:34]} 24. Kh1
{[%clk 0:02:15]} Qh7 {[%clk 0:01:02]} 25. Qg4 {[%clk 0:02:01]} Kh8
{[%clk 0:00:33]} 26. Rae1 {[%clk 0:01:57]} Rg8 {[%clk 0:00:25]} 27. Re8
{[%clk 0:02:02]} dxc3 {[%clk 0:00:23]} 28. R1e7 {[%clk 0:00:49]} Rxe8
{[%clk 0:00:12]} 29. Rxe8+ {[%clk 0:00:36]} Kg7 {[%clk 0:00:22]} 30. Bh6+
{[%clk 0:00:35]} 1-0